000 00521nam a2200181Ia 4500
005 20250508162334.0
008 008 250505s9999 xx 000 0 hin d
037 _aTextual
040 _aFEDL
_beng
_cFEDL
041 _ahin
_2eng
084 _a954.01, UPA
_qFEDL
100 _aUpadhyaya Vasudev
_9759583
245 0 _aPracheen Bhartiya stup, guha evam mandir
260 _aPatna, India
_bBihar Hindi Granth Akademi
_c1972
300 _a427p
942 _cTEXL
_h954.01, UPA
999 _c1375929
_d1375929